[Event "FRA T U 20"]
[Site "Mulhouse"]
[Date "2010.??.??"]
[Round "3.6"]
[White "Veys, Vincent"]
[Black "Pluvinage, Jerome"]
[Result "1-0"]
[WhiteElo "1662"]
[BlackElo "1580"]
[PlyCount "57"]
[EventDate "2010.??.??"]
[EventType "match"]
[EventCountry "FRA"]
[WhiteTeamCountry "FRA"]
[BlackTeamCountry "FRA"]

1. e4 c5 2. Nf3 d6 3. Bb5+ Bd7 4. Bxd7+ Qxd7 5. O-O Nf6 6. Re1 g6 7. c3 Bg7 8.
d4 cxd4 9. cxd4 O-O 10. Nc3 Qc7 11. Bg5 a6 12. Rc1 Qd8 13. Qd2 Re8 14. h3 b5
15. Bxf6 Bxf6 16. Nd5 Ra7 17. Nxf6+ exf6 18. Qf4 Kg7 19. Qg3 Rae7 20. Nh4 Kh8
21. Qf4 Re6 22. d5 Re5 23. Nf3 g5 24. Qg4 R5e7 25. Nd4 Rc7 26. h4 Rxc1 27. Rxc1
h6 28. Qh5 Kh7 29. Nf5 1-0

[Event "FRA T U 20"]
[Site "Mulhouse"]
[Date "2010.??.??"]
[Round "1.6"]
[White "Veys, Vincent"]
[Black "Roque, Gaetan"]
[Result "1-0"]
[WhiteElo "1662"]
[BlackElo "1750"]
[PlyCount "63"]
[EventDate "2010.??.??"]
[EventType "match"]
[EventCountry "FRA"]
[WhiteTeamCountry "FRA"]
[BlackTeamCountry "FRA"]

1. e4 c6 2. Nc3 d5 3. Nf3 dxe4 4. Nxe4 Nf6 5. Qe2 Nxe4 6. Qxe4 e6 7. Bc4 Bd6 8.
O-O Nd7 9. a4 Nf6 10. Qe2 O-O 11. d4 Bd7 12. Ne5 Qc7 13. Bg5 Nd5 14. Bd2 c5 15.
Nxd7 Qxd7 16. Qg4 Nf6 17. Qh4 cxd4 18. Bg5 Be7 19. Rfd1 e5 20. Rd3 h6 21. Bxh6
gxh6 22. Qxh6 Nh7 23. Rg3+ Bg5 24. Rxg5+ Nxg5 25. Qxg5+ Kh8 26. Qf6+ Kg8 27.
Ra3 Rfc8 28. Rh3 Qxh3 29. Bxf7+ Kh7 30. Bg6+ Kg8 31. Qf7+ Kh8 32. gxh3 1-0

[Event "FRA T U 20"]
[Site "Mulhouse"]
[Date "2010.??.??"]
[Round "2.3"]
[White "Viennot, Dylan"]
[Black "Kambrath, Yannick"]
[Result "1-0"]
[WhiteElo "1939"]
[BlackElo "1890"]
[PlyCount "89"]
[EventDate "2010.??.??"]
[EventType "match"]
[EventCountry "FRA"]
[WhiteTeamCountry "FRA"]
[BlackTeamCountry "FRA"]

1. e4 e5 2. Nf3 Nc6 3. Bb5 a6 4. Ba4 Nf6 5. O-O b5 6. Bb3 Bb7 7. Re1 Bc5 8. c3
d6 9. d4 Bb6 10. Bg5 h6 11. Bh4 g5 12. Bg3 O-O 13. dxe5 Nxe5 14. Nxe5 dxe5 15.
Nd2 Qe7 16. Nf3 Nxe4 17. Nxe5 Bxf2+ 18. Bxf2 Qxe5 19. Qh5 Qf5 20. Rf1 Qh7 21.
Rae1 Rae8 22. Bd4 Nd6 23. Rxe8 Rxe8 24. h4 Nf5 25. hxg5 Kf8 26. Bc5+ Re7 27.
gxh6 Nd6 28. Bd4 Be4 29. Bf6 Rd7 30. Qg4 Qg6 31. Qxg6 Bxg6 32. Rd1 Ke8 33. Rd4
c5 34. Rh4 Ne4 35. Bg7 Ng5 36. a4 Rd2 37. c4 b4 38. a5 Ke7 39. Rg4 f6 40. Rg3
Rxb2 41. Ba4 Re2 42. Kf1 Re4 43. Bb5 axb5 44. a6 Re6 45. cxb5 1-0

[Event "Condom op 10th"]
[Site "Condom"]
[Date "2010.??.??"]
[Round "1.5"]
[White "Viers, Alexandre"]
[Black "Teyssier, Jean Paul"]
[Result "0-1"]
[WhiteElo "1490"]
[BlackElo "1672"]
[PlyCount "100"]
[EventDate "2010.07.??"]
[EventType "swiss"]
[EventRounds "9"]
[EventCountry "FRA"]
[WhiteTeamCountry "FRA"]
[BlackTeamCountry "FRA"]

1. e4 c5 2. Nc3 Nc6 3. f4 d6 4. Nf3 Bg4 5. Be2 Nf6 6. e5 Bxf3 7. Bxf3 dxe5 8.
Bxc6+ Nd7 9. Bxb7 Rb8 10. Bc6 Rb6 11. Bxd7+ Qxd7 12. O-O Qd4+ 13. Kh1 e4 14.
Qg4 Re6 15. d3 exd3 16. Bd2 dxc2 17. Nb5 Qd7 18. Qf3 Qxb5 19. Qa8+ Kd7 20.
Qxa7+ Kc8 21. Qa8+ Qb8 22. Qxb8+ Kxb8 23. Rac1 Re2 24. Rxc2 e6 25. f5 e5 26.
Re1 Rxe1+ 27. Bxe1 Bd6 28. a4 Kb7 29. Rd2 Kc6 30. a5 Bc7 31. Rd1 Rb8 32. Bc3
Ra8 33. f6 g6 34. b4 cxb4 35. Bxb4 Rb8 36. Rc1+ Kd7 37. Bd2 Bd8 38. Bc3 Rc8 39.
a6 Bb6 40. Bd2 Rxc1+ 41. Bxc1 Bd4 42. Bb2 Kc8 43. Ba3 Kb8 44. Bd6+ Ka7 45. Bb4
Kxa6 46. Be1 Kb5 47. g4 Kc4 48. Kg2 Kd5 49. h4 Ke6 50. Kh3 Kxf6 0-1

[Event "Condom op 10th"]
[Site "Condom"]
[Date "2010.??.??"]
[Round "5.19"]
[White "Viers, Emmanuel"]
[Black "Le Gallen, Luc"]
[Result "1-0"]
[WhiteElo "1844"]
[BlackElo "2012"]
[PlyCount "63"]
[EventDate "2010.07.??"]
[EventType "swiss"]
[EventRounds "9"]
[EventCountry "FRA"]
[WhiteTeamCountry "FRA"]
[BlackTeamCountry "FRA"]

1. e4 c5 2. Nc3 e6 3. f4 d5 4. Bb5+ Nc6 5. d3 Bd7 6. Nf3 d4 7. Bxc6 Bxc6 8. Ne2
Nf6 9. O-O Be7 10. Qe1 O-O 11. Qg3 Rc8 12. e5 Nd5 13. f5 exf5 14. Bh6 g6 15.
Bxf8 Bxf8 16. Nf4 Ne3 17. Rf2 Bg7 18. e6 Qe7 19. exf7+ Qxf7 20. Ng5 Qd7 21.
Nfe6 Bf8 22. Nxf8 Rxf8 23. Qe5 Qd5 24. Qe6+ Qxe6 25. Nxe6 Re8 26. Nxc5 Ng4 27.
Rd2 f4 28. Nb3 f3 29. gxf3 Ne5 30. Nxd4 Rd8 31. Nxc6 Nxf3+ 32. Kg2 1-0

[Event "Condom op 10th"]
[Site "Condom"]
[Date "2010.??.??"]
[Round "1.4"]
[White "Viers, Mathieu"]
[Black "Mouret, Arnaud"]
[Result "1-0"]
[WhiteElo "1691"]
[BlackElo "1497"]
[PlyCount "41"]
[EventDate "2010.07.??"]
[EventType "swiss"]
[EventRounds "9"]
[EventCountry "FRA"]
[WhiteTeamCountry "FRA"]
[BlackTeamCountry "FRA"]

1. e4 e5 2. Nf3 Nf6 3. d3 Nc6 4. c3 d5 5. exd5 Nxd5 6. Be2 Bd6 7. Nbd2 O-O 8.
Ne4 Be6 9. c4 Nf6 10. Bg5 Be7 11. Bxf6 Bxf6 12. O-O Nd4 13. Nxf6+ Qxf6 14. Nxd4
exd4 15. Bf3 Rab8 16. h3 Qg6 17. Be4 Qg5 18. Qf3 b6 19. b4 c5 20. a3 Qd2 21. b5
1-0

[Event "LUCOPEN 01st Op"]
[Site "Lille"]
[Date "2010.??.??"]
[Round "4.24"]
[White "Vincent, Didier"]
[Black "Bronner, Daniel"]
[Result "1-0"]
[WhiteElo "2034"]
[BlackElo "1700"]
[PlyCount "49"]
[EventDate "2010.04.??"]
[EventType "swiss"]
[EventRounds "7"]
[EventCountry "FRA"]
[WhiteTeamCountry "FRA"]
[BlackTeamCountry "FRA"]

1. e4 g6 2. d4 Bg7 3. Nf3 d6 4. h3 Nf6 5. Nc3 Nbd7 6. e5 dxe5 7. dxe5 Ng8 8.
Bf4 e6 9. Bc4 c6 10. O-O Ne7 11. Re1 O-O 12. Bg5 h6 13. Bxe7 Qxe7 14. Qe2 Nb6
15. Bb3 Bd7 16. Ne4 Nc8 17. Rad1 b6 18. Nf6+ Bxf6 19. exf6 Qxf6 20. Rxd7 Qxb2
21. Bxe6 b5 22. Bxf7+ Rxf7 23. Qe8+ Rf8 24. Qxg6+ Kh8 25. Qh7# 1-0

[Event "LUCOPEN 01st Op"]
[Site "Lille"]
[Date "2010.??.??"]
[Round "4.57"]
[White "Wolfangel, Jocelyne"]
[Black "Mousain, Antoine"]
[Result "0-1"]
[WhiteElo "1472"]
[BlackElo "1935"]
[PlyCount "56"]
[EventDate "2010.04.??"]
[EventType "swiss"]
[EventRounds "7"]
[EventCountry "FRA"]
[WhiteTeamCountry "FRA"]
[BlackTeamCountry "FRA"]

1. d4 Nf6 2. c4 g6 3. Nf3 Bg7 4. Nc3 d5 5. e3 O-O 6. Be2 c5 7. cxd5 Nxd5 8. O-O
Nc6 9. Nxd5 Qxd5 10. dxc5 Qxc5 11. Rb1 Bf5 12. Bd3 Rfd8 13. e4 Bxe4 14. Be3 Qa5
15. Ne1 Nb4 16. Qd2 Bxd3 17. Rd1 Bxf1 18. Qc1 Rxd1 19. Qxd1 Rd8 20. Bd2 Bb5 21.
a3 Rxd2 22. Qxd2 Nc6 23. b4 Qxa3 24. Nc2 Qb2 25. g3 Qb1+ 26. Kg2 Bf1+ 27. Kf3
Ne5+ 28. Kf4 Bh6+ 0-1

[Event "Condom op 10th"]
[Site "Condom"]
[Date "2010.??.??"]
[Round "2.12"]
[White "Zaninetti, Laurent"]
[Black "Houard, Yannick"]
[Result "0-1"]
[WhiteElo "1991"]
[BlackElo "2238"]
[PlyCount "88"]
[EventDate "2010.07.??"]
[EventType "swiss"]
[EventRounds "9"]
[EventCountry "FRA"]
[WhiteTeamCountry "FRA"]
[BlackTeamCountry "FRA"]

1. Nf3 d5 2. c4 c6 3. g3 Nf6 4. Bg2 Bg4 5. Ne5 Be6 6. cxd5 Bxd5 7. Nf3 c5 8.
Nc3 Bc6 9. O-O e6 10. d3 Nbd7 11. e4 e5 12. Qe2 Be7 13. Nh4 g6 14. f4 O-O 15.
Nf3 Nh5 16. fxe5 Nxe5 17. Bh6 Nxf3+ 18. Bxf3 Ng7 19. Kg2 Bg5 20. Bxg7 Kxg7 21.
e5 Qd4 22. Bxc6 bxc6 23. h4 Bh6 24. Rf6 Rae8 25. Re1 Re6 26. g4 Kg8 27. Qe4 Bg7
28. Rxe6 fxe6 29. Rf1 Rxf1 30. Kxf1 Qxe5 31. Kg2 Qxe4+ 32. dxe4 Kf7 33. Kf3 Be5
34. Nd1 c4 35. Ne3 c3 36. bxc3 Bxc3 37. Nc4 h5 38. gxh5 gxh5 39. Kf4 Bf6 40.
Nd6+ Ke7 41. Nc8+ Kd7 42. e5 Bxh4 43. Nd6 Be7 44. Ne4 c5 0-1

[Event "Condom op 10th"]
[Site "Condom"]
[Date "2010.??.??"]
[Round "4.9"]
[White "Zaninetti, Laurent"]
[Black "Houriez, Clement"]
[Result "0-1"]
[WhiteElo "1991"]
[BlackElo "2259"]
[PlyCount "62"]
[EventDate "2010.07.??"]
[EventType "swiss"]
[EventRounds "9"]
[EventCountry "FRA"]
[WhiteTeamCountry "FRA"]
[BlackTeamCountry "FRA"]

1. d4 Nf6 2. c4 e6 3. g3 c5 4. d5 exd5 5. cxd5 b5 6. e4 Nxe4 7. Qe2 Qe7 8. Bg2
Nd6 9. Be3 Na6 10. Nc3 Rb8 11. Rd1 g6 12. a4 bxa4 13. Nxa4 Bg7 14. Bf4 Qxe2+
15. Nxe2 Bf8 16. Be5 Rg8 17. Rc1 Be7 18. O-O f6 19. Bf4 Kf7 20. h4 Re8 21. Rfe1
Bf8 22. Bf3 Rb4 23. Nec3 Rxe1+ 24. Rxe1 Bb7 25. Be2 Nf5 26. Bc1 Nd4 27. Bd1 Nc7
28. Ne4 Rxa4 29. Bxa4 Nf3+ 30. Kf1 Nxe1 31. d6 Ne6 0-1

[Event "FRA T U 20"]
[Site "Mulhouse"]
[Date "2010.??.??"]
[Round "2.6"]
[White "Zeitoun, Maxime"]
[Black "Veys, Vincent"]
[Result "0-1"]
[WhiteElo "1590"]
[BlackElo "1662"]
[PlyCount "58"]
[EventDate "2010.??.??"]
[EventType "match"]
[EventCountry "FRA"]
[WhiteTeamCountry "FRA"]
[BlackTeamCountry "FRA"]

1. d4 Nf6 2. c4 e6 3. Nc3 Bb4 4. e3 O-O 5. Bd3 d5 6. Bd2 c5 7. Nf3 Nc6 8. a3
cxd4 9. axb4 Nxb4 10. Bxh7+ Nxh7 11. Na4 Nd3+ 12. Ke2 dxc4 13. exd4 b5 14. Nc5
Nxc5 15. dxc5 Qd3+ 16. Ke1 e5 17. Ra3 Qd5 18. h4 Bg4 19. Qc2 Bh5 20. Re3 Bg6
21. Qc3 e4 22. Nh2 Nf6 23. g4 Nd7 24. c6 Ne5 25. f3 Nd3+ 26. Ke2 exf3+ 27. Nxf3
b4 28. Qc2 Nf4+ 29. Kf2 Bxc2 0-1

[Event "Championnat de Ligue Individuel"]
[Site "Vendin les Bethune"]
[Date "2010.??.??"]
[Round "7.4"]
[White "Zerbib, Claude"]
[Black "Dufour, Mickael"]
[Result "0-1"]
[WhiteElo "1879"]
[BlackElo "2099"]
[PlyCount "76"]
[EventDate "2008.??.??"]
[EventType "swiss"]
[EventRounds "7"]
[EventCountry "FRA"]
[WhiteTeamCountry "FRA"]
[BlackTeamCountry "FRA"]

1. e4 c5 2. Nf3 e6 3. d4 cxd4 4. Nxd4 Nc6 5. Be3 a6 6. Nc3 Nf6 7. f3 Be7 8. Qd2
Qc7 9. O-O-O O-O 10. g4 d6 11. h4 Ne5 12. h5 b5 13. b3 d5 14. g5 Bb4 15. gxf6
Qxc3 16. Qxc3 Bxc3 17. Rg1 g6 18. Bh6 Bxd4 19. Rxd4 Nxf3 20. Rd3 dxe4 21. Rd6
Nxg1 22. Bxf8 Bb7 23. Bh6 Nf3 24. hxg6 hxg6 25. Bh3 Bd5 26. a4 g5 27. Bg4 Kh7
28. Bg7 Ne5 29. Bf5+ exf5 30. Rxd5 Re8 31. Rd1 Kg6 32. axb5 axb5 33. Rh1 f4 34.
Rh6+ Kf5 35. Rh7 f3 36. c4 f2 37. Rh1 e3 38. Rf1 Nd3+ 0-1

[Event "Championnat de Ligue Individuel"]
[Site "Vendin les Bethune"]
[Date "2010.??.??"]
[Round "4.4"]
[White "Zerbib, Claude"]
[Black "Manet, Eric"]
[Result "0-1"]
[WhiteElo "1879"]
[BlackElo "2015"]
[PlyCount "74"]
[EventDate "2008.??.??"]
[EventType "swiss"]
[EventRounds "7"]
[EventCountry "FRA"]
[WhiteTeamCountry "FRA"]
[BlackTeamCountry "FRA"]

1. e4 c5 2. Nf3 d6 3. d4 cxd4 4. Nxd4 Nf6 5. Nc3 a6 6. f3 e5 7. Nb3 Be7 8. Be3
Be6 9. Qd2 Nbd7 10. g4 Nb6 11. O-O-O O-O 12. g5 Nh5 13. h4 Ng3 14. Rg1 Nxf1 15.
Rdxf1 Nc4 16. Qe2 Qc7 17. f4 exf4 18. Bxf4 Nb6 19. Qh2 Rac8 20. h5 Nc4 21. g6
Nxb2 22. Rf3 Nc4 23. h6 fxg6 24. Rxg6 Bf6 25. Rxg7+ Bxg7 26. Rg3 Rf7 27. Qg2
Ne5 28. Nd4 Ng6 29. Nxe6 Qa5 30. Rxg6 Qxc3 31. Rxg7+ Rxg7 32. Qxg7+ Qxg7 33.
Nxg7 Rc4 34. Nh5 Kf7 35. Bxd6 Rxe4 36. Ng3 Rh4 37. Kd2 Rd4+ 0-1

[Event "Open International d'Ambès 2010"]
[Site "Ambes"]
[Date "2010.??.??"]
[Round "3.5"]
[White "Zubarev, Alexander"]
[Black "Cazeaux, Didier"]
[Result "1-0"]
[WhiteElo "2536"]
[BlackElo "1864"]
[PlyCount "33"]
[EventDate "2010.04.??"]
[EventType "swiss"]
[EventRounds "9"]
[EventCountry "FRA"]
[WhiteTeamCountry "FRA"]
[BlackTeamCountry "FRA"]

1. e4 d5 2. exd5 Qxd5 3. Nc3 Qa5 4. Bc4 Nf6 5. d4 Bf5 6. Bd2 c6 7. Qe2 e6 8. d5
cxd5 9. Nxd5 Qd8 10. Nxf6+ Qxf6 11. O-O-O Be7 12. g4 Bg6 13. Nf3 Nc6 14. Bg5
Qxg5+ 15. Nxg5 Bxg5+ 16. Kb1 O-O 17. h4 1-0

[Event "Open International d'Ambès 2010"]
[Site "Ambes"]
[Date "2010.??.??"]
[Round "9.1"]
[White "Zubarev, Alexander"]
[Black "Galloux, Maxime"]
[Result "1-0"]
[WhiteElo "2536"]
[BlackElo "2021"]
[PlyCount "49"]
[EventDate "2010.04.??"]
[EventType "swiss"]
[EventRounds "9"]
[EventCountry "FRA"]
[WhiteTeamCountry "FRA"]
[BlackTeamCountry "FRA"]

1. e4 c5 2. Nf3 g6 3. c3 Bg7 4. d4 cxd4 5. cxd4 d5 6. exd5 Nf6 7. Bb5+ Nbd7 8.
d6 exd6 9. Qe2+ Qe7 10. Bf4 Qxe2+ 11. Bxe2 Ke7 12. Nc3 a6 13. O-O Nb6 14. Rfe1
Be6 15. Ng5 Kd7 16. Bg3 Rac8 17. Bf3 Nbd5 18. Nce4 Nxe4 19. Nxe4 Bf8 20. Ng5
Bg7 21. Re2 Bf6 22. Nxe6 fxe6 23. Bg4 Rce8 24. Rae1 Ne7 25. d5 1-0

[Event "Creon op 15th"]
[Site "Creon "]
[Date "2010.07.26"]
[Round "1.1"]
[White "Grigore, George-Gabriel"]
[Black "Suez-Panama, Gilles"]
[Result "1-0"]
[WhiteElo "2532"]
[BlackElo "2081"]
[PlyCount "47"]
[EventDate "2010.07.??"]
[EventType "swiss"]
[EventRounds "9"]
[EventCountry "FRA"]
[WhiteTeamCountry "FRA"]
[BlackTeamCountry "FRA"]

1. d4 Nf6 2. c4 e6 3. Nc3 c5 4. d5 exd5 5. cxd5 d6 6. e4 g6 7. Bd3 Bg7 8. h3
O-O 9. Bg5 h6 10. Be3 Re8 11. Qd2 b5 12. f3 b4 13. Nd1 a5 14. Ne2 Ba6 15. Bxa6
Nxa6 16. Rc1 Nc7 17. O-O Kh7 18. Bf4 Nb5 19. Ne3 Nd7 20. Kh1 Nb6 21. Ng4 g5 22.
Be3 h5 23. Bxg5 f6 24. Bxf6 1-0

[Event "Creon op 15th"]
[Site "Creon "]
[Date "2010.07.26"]
[Round "1.2"]
[White "Lagunes, Jean-Renaud"]
[Black "Drenchev, Petar"]
[Result "1/2-1/2"]
[WhiteElo "2074"]
[BlackElo "2514"]
[PlyCount "116"]
[EventDate "2010.07.??"]
[EventType "swiss"]
[EventRounds "9"]
[EventCountry "FRA"]
[WhiteTeamCountry "FRA"]
[BlackTeamCountry "FRA"]

1. e4 c5 2. Nf3 e6 3. b3 b6 4. Bb2 Bb7 5. Nc3 d6 6. Bb5+ Nd7 7. O-O a6 8. Bxd7+
Qxd7 9. Qe2 Nf6 10. d3 Be7 11. Nd2 O-O 12. a4 d5 13. e5 Ne8 14. Qh5 f5 15. f4
Nc7 16. Nd1 b5 17. Rf3 Qe8 18. Qxe8 Rfxe8 19. d4 bxa4 20. bxa4 c4 21. Ba3 a5
22. Bxe7 Rxe7 23. Nc3 Bc6 24. Ndb1 Ree8 25. Kf2 Reb8 26. Ke1 Rb4 27. Kd1 h6 28.
Kc1 Kf7 29. Na2 Rb7 30. Nac3 g5 31. g3 Rab8 32. Na3 Kg6 33. Nab5 Bxb5 34. Nxb5
Nxb5 35. axb5 Rxb5 36. Rfa3 Kh5 37. h3 gxf4 38. gxf4 Kh4 39. Kd2 Rg8 40. Rf3
Rg2+ 41. Kc3 h5 42. Raf1 Rb6 43. Re3 Rh2 44. Ra1 Rxh3 45. Kd2 Rh2+ 46. Re2
Rxe2+ 47. Kxe2 Kg3 48. Ke3 Ra6 49. Rg1+ Kh2 50. Kf2 h4 51. Rg2+ Kh3 52. Kf3 a4
53. Rg1 Kh2 54. Rg2+ Kh1 55. Re2 Ra8 56. Re1+ Kh2 57. Re2+ Kh3 58. Re1 Kh2
1/2-1/2

[Event "Creon op 15th"]
[Site "Creon "]
[Date "2010.07.26"]
[Round "1.3"]
[White "Doncea, Vladimir"]
[Black "Ozenne, Corentin"]
[Result "0-1"]
[WhiteElo "2474"]
[BlackElo "2074"]
[PlyCount "108"]
[EventDate "2010.07.??"]
[EventType "swiss"]
[EventRounds "9"]
[EventCountry "FRA"]
[WhiteTeamCountry "FRA"]
[BlackTeamCountry "FRA"]

1. c4 d6 2. g3 g6 3. Bg2 Bg7 4. Nc3 Nf6 5. e4 O-O 6. Nge2 c5 7. O-O Nc6 8. d3
Nd7 9. a3 a6 10. Rb1 Rb8 11. b4 Nd4 12. Nxd4 cxd4 13. Ne2 b5 14. Bb2 e5 15. Rc1
Nb6 16. c5 dxc5 17. bxc5 Na4 18. Ba1 Be6 19. f4 f6 20. Qd2 Bh6 21. c6 Rc8 22.
Qb4 Rf7 23. c7 Rfxc7 24. Rxc7 Qxc7 25. f5 gxf5 26. Kh1 fxe4 27. Bxe4 f5 28. Bg2
Nc5 29. Nc1 Qd7 30. Qe1 Bxc1 31. Qxc1 Nxd3 32. Qh6 Re8 33. Qd2 e4 34. g4 Bc4
35. Qg5+ Qg7 36. Qxg7+ Kxg7 37. Bxd4+ Kg8 38. Rxf5 e3 39. Rg5+ Kf8 40. Rf5+ Kg8
41. Rg5+ Kf7 42. Rf5+ Kg6 43. Bf3 h6 44. Rf6+ Kh7 45. Rxa6 e2 46. Bxe2 Rxe2 47.
Ra7+ Kg8 48. h4 Re4 49. Ra8+ Kf7 50. Ra7+ Ke8 51. Ra8+ Kd7 52. Ra7+ Kc8 53. Bf6
Rxg4 54. Rh7 Bd5+ 0-1

[Event "Creon op 15th"]
[Site "Creon "]
[Date "2010.07.26"]
[Round "1.4"]
[White "Maupin, Jean-Paul"]
[Black "Okhotnik, Vladimir"]
[Result "0-1"]
[WhiteElo "2068"]
[BlackElo "2467"]
[PlyCount "26"]
[EventDate "2010.07.??"]
[EventType "swiss"]
[EventRounds "9"]
[EventCountry "FRA"]
[WhiteTeamCountry "FRA"]
[BlackTeamCountry "FRA"]

1. e4 c5 2. Nf3 Nf6 3. e5 Nd5 4. Nc3 e6 5. Nxd5 exd5 6. d4 Nc6 7. dxc5 Bxc5 8.
Bd3 d6 9. exd6 Qxd6 10. O-O O-O 11. c3 h6 12. h3 Ne7 13. Nh4 Qg3 0-1

[Event "Creon op 15th"]
[Site "Creon "]
[Date "2010.07.26"]
[Round "1.5"]
[White "Arnaudov, G. Petar"]
[Black "Peyre, Thomas"]
[Result "1-0"]
[WhiteElo "2423"]
[BlackElo "2065"]
[PlyCount "77"]
[EventDate "2010.07.??"]
[EventType "swiss"]
[EventRounds "9"]
[EventCountry "FRA"]
[WhiteTeamCountry "FRA"]
[BlackTeamCountry "FRA"]

1. d4 Nf6 2. Nf3 e6 3. g3 b6 4. Bg2 Bb7 5. O-O Be7 6. c4 d5 7. Qa4+ c6 8. cxd5
exd5 9. Ne5 O-O 10. Nc3 Nfd7 11. Nd3 Bf6 12. e3 g6 13. b4 b5 14. Qb3 Nb6 15.
Nc5 Qc7 16. a4 a6 17. Rd1 N8d7 18. e4 Nxc5 19. bxc5 Nxa4 20. Nxa4 bxa4 21. Rxa4
dxe4 22. Bf4 Qd7 23. Bxe4 Rfe8 24. Bf3 a5 25. Bd6 Be7 26. Be5 Bd8 27. h3 Ba6
28. Bg4 Qa7 29. Ra3 Bb5 30. Qa2 Bc7 31. f4 a4 32. h4 Bxe5 33. fxe5 Re7 34. h5
Rd8 35. Qf2 Qa5 36. Qf6 Ree8 37. h6 Kf8 38. Rf3 Bc4 39. Rdf1 1-0

[Event "Creon op 15th"]
[Site "Creon "]
[Date "2010.07.26"]
[Round "1.6"]
[White "Duffau, Pascal"]
[Black "Nguyen, Chi-Minh"]
[Result "0-1"]
[WhiteElo "2034"]
[BlackElo "2408"]
[PlyCount "82"]
[EventDate "2010.07.??"]
[EventType "swiss"]
[EventRounds "9"]
[EventCountry "FRA"]
[WhiteTeamCountry "FRA"]
[BlackTeamCountry "FRA"]

1. Nf3 b6 2. g3 Bb7 3. Bg2 g6 4. O-O Bg7 5. d4 f5 6. c4 Nf6 7. Nc3 O-O 8. Bf4
Na6 9. Rc1 e6 10. Qd2 Qe8 11. Nb5 d6 12. Bh6 e5 13. Bxg7 Kxg7 14. dxe5 dxe5 15.
Rfd1 Qe7 16. b3 Nc5 17. Ne1 Nce4 18. Qb2 c6 19. Bxe4 Nxe4 20. Nc3 Nf6 21. Rd2
Rae8 22. Rcd1 Kg8 23. Rd6 f4 24. Qd2 Qg7 25. Nf3 g5 26. Qc2 c5 27. Nd5 Nxd5 28.
cxd5 e4 29. Ne1 e3 30. f3 g4 31. Kg2 Re5 32. Qc4 Rg5 33. Qe4 Kh8 34. Kh1 fxg3
35. Qxe3 Rh5 36. f4 Rxh2+ 37. Kg1 Rh5 38. Qxg3 Rh3 39. Qf2 Qe7 40. Rc6 Qe4 41.
Qg2 Qe3+ 0-1

[Event "Creon op 15th"]
[Site "Creon "]
[Date "2010.07.26"]
[Round "1.8"]
[White "Darrigues, Alain"]
[Black "Preux, Paul-Olivier"]
[Result "1-0"]
[WhiteElo "2006"]
[BlackElo "2301"]
[PlyCount "57"]
[EventDate "2010.07.??"]
[EventType "swiss"]
[EventRounds "9"]
[EventCountry "FRA"]
[WhiteTeamCountry "FRA"]
[BlackTeamCountry "FRA"]

1. d4 Nf6 2. c4 e6 3. Nc3 Bb4 4. e3 O-O 5. Bd3 d5 6. Nf3 c5 7. O-O dxc4 8. Bxc4
Nbd7 9. a3 Ba5 10. Qc2 cxd4 11. exd4 Bxc3 12. bxc3 Qc7 13. Bd3 b6 14. Bg5 Bb7
15. Rfe1 Bxf3 16. gxf3 h6 17. Bd2 e5 18. Rac1 Qd6 19. Kh1 Rac8 20. Rg1 Nh5 21.
Ba6 exd4 22. Bxc8 d3 23. Qa4 Rxc8 24. Qg4 Rc5 25. Bxh6 Qxh6 26. Qxd7 Nf4 27.
Rg4 Ng6 28. Rcg1 Ne5 29. Qd8+ 1-0

[Event "Creon op 15th"]
[Site "Creon "]
[Date "2010.07.26"]
[Round "1.9"]
[White "Cursoux, Laurent"]
[Black "Kirk, Ezra"]
[Result "0-1"]
[WhiteElo "2256"]
[BlackElo "1998"]
[PlyCount "40"]
[EventDate "2010.07.??"]
[EventType "swiss"]
[EventRounds "9"]
[EventCountry "FRA"]
[WhiteTeamCountry "FRA"]
[BlackTeamCountry "FRA"]

1. c4 e5 2. Nc3 d6 3. Nf3 g6 4. d4 exd4 5. Nxd4 Bg7 6. e4 Nf6 7. g3 O-O 8. Bg2
Nc6 9. Nxc6 bxc6 10. O-O Bd7 11. h3 Re8 12. Be3 c5 13. Qc2 Rb8 14. b3 Qc8 15.
Kh2 Re5 16. f3 Rh5 17. h4 Qe8 18. Rae1 Qe5 19. Bg5 Qxg5 20. f4 Rxh4+ 0-1

[Event "Creon op 15th"]
[Site "Creon "]
[Date "2010.07.26"]
[Round "1.10"]
[White "Tholey, Jean-Paul"]
[Black "Ludwig, Remi"]
[Result "0-1"]
[WhiteElo "1998"]
[BlackElo "2230"]
[PlyCount "40"]
[EventDate "2010.07.??"]
[EventType "swiss"]
[EventRounds "9"]
[EventCountry "FRA"]
[WhiteTeamCountry "FRA"]
[BlackTeamCountry "FRA"]

1. d4 Nf6 2. g3 c5 3. Nf3 d5 4. c3 Nc6 5. Bg2 Bf5 6. O-O e6 7. Qa4 Qd7 8. Nbd2
Be7 9. dxc5 Bxc5 10. Nb3 Bb6 11. Nbd4 Nxd4 12. Qxd7+ Kxd7 13. Nxd4 Bxd4 14.
cxd4 Rac8 15. Rd1 Rc2 16. Rd2 Rhc8 17. Rxc2 Rxc2 18. Kf1 Rc4 19. e3 Rc2 20. h3
Be4 0-1

[Event "Creon op 15th"]
[Site "Creon "]
[Date "2010.07.26"]
[Round "1.11"]
[White "Fomichenko, Svetlana"]
[Black "Ternault, Mathieu"]
[Result "1/2-1/2"]
[WhiteElo "2217"]
[BlackElo "1989"]
[PlyCount "90"]
[EventDate "2010.07.??"]
[EventType "swiss"]
[EventRounds "9"]
[EventCountry "FRA"]
[WhiteTeamCountry "FRA"]
[BlackTeamCountry "FRA"]

1. e4 e6 2. d4 d5 3. Nc3 Bb4 4. e5 c5 5. a3 Bxc3+ 6. bxc3 Ne7 7. Qg4 Qc7 8.
Qxg7 Rg8 9. Qxh7 cxd4 10. Ne2 Nbc6 11. f4 Bd7 12. Qd3 dxc3 13. Qxc3 Rc8 14. Bd2
Nf5 15. Rb1 Qb8 16. Qb2 b5 17. Qxb5 Qxb5 18. Rxb5 Nxe5 19. Rb7 Nc4 20. Rxa7
Nfe3 21. Bxe3 Nxe3 22. h4 Bb5 23. h5 Nxf1 24. Kxf1 Bxe2+ 25. Kxe2 Rxc2+ 26. Kd3
Rgxg2 27. Rb1 Rcd2+ 28. Kc3 Rc2+ 29. Kd4 Rb2 30. Rc1 Rbc2 31. Rb1 Rb2 32. Rxb2
Rxb2 33. a4 Rh2 34. Kc5 Rxh5 35. a5 Rh1 36. Rb7 Ra1 37. Kb6 d4 38. Ka6 Rf1 39.
Rb4 d3 40. Rd4 d2 41. Rxd2 Rxf4 42. Kb5 Rf1 43. Ra2 Rb1+ 44. Kc6 Rc1+ 45. Kb7
Rb1+ 1/2-1/2

[Event "Avoine op 25th"]
[Site "Avoine"]
[Date "2010.08.??"]
[Round "6"]
[White "Drenchev, Petar"]
[Black "Terrieux, Kevin"]
[Result "1/2-1/2"]
[WhiteElo "2514"]
[BlackElo "2437"]
[PlyCount "41"]
[EventDate "2010.07.??"]
[EventType "swiss"]
[EventRounds "9"]
[EventCountry "FRA"]
[WhiteTeamCountry "FRA"]
[BlackTeamCountry "FRA"]

1. d4 Nf6 2. c4 e6 3. Nf3 b6 4. g3 Bb7 5. Bg2 Be7 6. O-O O-O 7. Nc3 Ne4 8. Bd2
f5 9. Qc2 Nxc3 10. Bxc3 Be4 11. Qb3 a5 12. Ne1 a4 13. Qd1 Bxg2 14. Nxg2 d5 15.
Qd3 Qd7 16. Rac1 c6 17. cxd5 cxd5 18. Rc2 Rc8 19. Rfc1 Ra7 20. Bd2 Rac7 21. Ra1
1/2-1/2

[Event "Avoine op 25th"]
[Site "Avoine"]
[Date "2010.08.??"]
[Round "7"]
[White "Senay, Dominique"]
[Black "Payen, Arnaud"]
[Result "0-1"]
[WhiteElo "1654"]
[BlackElo "2372"]
[PlyCount "54"]
[EventDate "2010.07.??"]
[EventType "swiss"]
[EventRounds "9"]
[EventCountry "FRA"]
[WhiteTeamCountry "FRA"]
[BlackTeamCountry "FRA"]

1. d4 e6 2. c4 f5 3. g3 Nf6 4. Bg2 c6 5. Nc3 d5 6. cxd5 exd5 7. Bg5 Bd6 8. Bxf6
Qxf6 9. f4 g5 10. e3 g4 11. Nge2 h5 12. h4 gxh3 13. Rxh3 h4 14. Kd2 Be6 15. Qh1
Nd7 16. gxh4 Nb6 17. Rc1 O-O-O 18. Kd1 Kb8 19. Rc2 Rh6 20. h5 Rdh8 21. Bf3 Bf7
22. Ng3 Nc4 23. Re2 Re8 24. Qg1 Rxe3 25. Nxf5 Qxf5 26. Rxe3 Nxe3+ 27. Qxe3 Qxh3
0-1